000 00420nam a2200169Ia 4500
003 GCL
005 20240530101147.0
008 140319s9999 xx 000 0 eng d
040 _aGCL /
_cGCL
082 0 4 _a100
_bCC
100 1 _aCUVILLIER, ARMAND
245 1 0 _aCOURS DE PHILOSOPHIE 1 /
_cCUVILLIER, ARMAND
260 _a[S.N] :
_bARMQND COLIN ،
_c1954
300 _a649
650 0 4 _aPHILOSOPHY
942 _2ddc
_cBK
999 _c25261
_d25261